[Event "African Games-chT 2019"]
[Site "Casablanca"]
[Date "2019.08.25"]
[Round "6.3"]
[White "Shaba, Linda"]
[Black "Wafa, Shrook"]
[Result "0-1"]
[WhiteElo "1615"]
[BlackElo "2183"]
[Annotator "NA"]
[PlyCount "100"]
[EventDate "2019.08.24"]
[EventType "team-tourn"]
[EventCountry "MAR"]
[SourceTitle "playchess.com"]
[Source "ChessBase"]
[SourceQuality "1"]
[WhiteTeam "Zimbabwe"]
[BlackTeam "Egypt"]
[WhiteTeamCountry "ZIM"]
[BlackTeamCountry "EGY"]
[TimeControl "900+10"]

1. d4 {[%emt 0:00:00]} Nf6 {[%emt 0:00:00]} 2. c4 {[%emt 0:00:00]} e6 {[%emt 0:00:00]} 3. Nf3 {[%emt 0:00:00]} Bb4+ {[%emt 0:00:03]} 4. Bd2 {[%emt 0:00:03]} Qe7 {[%emt 0:00:04]} 5. Nc3 {[%emt 0:00:11]} O-O {[%emt 0:00:06]} 6. g3 {[%emt 0:00:03]} d6 {[%emt 0:00:36]} 7. Bg2 {[%emt 0:00:04]} e5 {[%emt 0:00:13]} 8. dxe5 {[%emt 0:00:19]} dxe5 {[%emt 0:00:07]} 9. O-O {[%emt 0:01:12]} a5 {[%emt 0:00:35]} 10. Qc2 {[%emt 0:01:14]} Nc6 {[%emt 0:02:55]} 11. a3 {[%emt 0:06:14]} Bc5 {[%emt 0:01:58]} 12. Nd5 {[%emt 0:02:04]} Nxd5 {[%emt 0:02:21]} 13. cxd5 {[%emt 0:00:02]} Nd4 {[%emt 0:00:12]} 14. Nxd4 {[%emt 0:00:22]} exd4 {[%emt 0:00:20]} 15. Rfe1 {[%emt 0:00:27]} Bb6 {[%emt 0:01:09]} 16. e3 {[%emt 0:01:51]} Qf6 {[%emt 0:00:09]} 17. Bc1 {[%emt 0:01:52]} Bg4 {[%emt 0:01:48]} 18. e4 {[%emt 0:00:34]} d3 {[%emt 0:00:33]} 19. Qd2 {[%emt 0:00:11]} Be2 {[%emt 0:00:47]} 20. Rxe2 {[%emt 0:00:03]} dxe2 {[%emt 0:00:07]} 21. Qxe2 {[%emt 0:00:01]} Bd4 {[%emt 0:00:44]} 22. Rb1 {[%emt 0:00:09]} c6 {[%emt 0:00:46]} 23. dxc6 {[%emt 0:00:10]} bxc6 {[%emt 0:00:34]} 24. Be3 {[%emt 0:00:16]} Rab8 {[%emt 0:00:24]} 25. Bxd4 {[%emt 0:00:31]} Qxd4 {[%emt 0:00:03]} 26. Qc2 {[%emt 0:00:42]} c5 {[%emt 0:00:30]} 27. b3 {[%emt 0:00:16]} Rfd8 {[%emt 0:00:21]} 28. Bf1 {[%emt 0:00:15]} a4 {[%emt 0:00:08]} 29. Bc4 {[%emt 0:00:08]} Qd2 {[%emt 0:00:22]} 30. Qxd2 {[%emt 0:00:26]} Rxd2 {[%emt 0:00:03]} 31. Bd5 {[%emt 0:00:08]} axb3 {[%emt 0:00:22]} 32. Rxb3 {[%emt 0:00:10]} Rxb3 {[%emt 0:00:02]} 33. Bxb3 {[%emt 0:00:01]} Rd3 {[%emt 0:00:02]} 34. Bd5 {[%emt 0:00:06]} Rxa3 {[%emt 0:00:02]} 35. Kf1 {[%emt 0:00:03]} Kf8 {[%emt 0:00:14]} 36. Ke2 {[%emt 0:00:02]} Ke7 {[%emt 0:00:02]} 37. f4 {[%emt 0:00:25]} f6 {[%emt 0:00:06]} 38. Kf2 {[%emt 0:00:25]} Rd3 {[%emt 0:00:11]} 39. Ke2 {[%emt 0:00:04]} Rxd5 {[%emt 0:00:10]} 40. exd5 {[%emt 0:00:02]} Kd6 {[%emt 0:00:01]} 41. g4 {[%emt 0:00:30]} Kxd5 {[%emt 0:00:04]} 42. Ke3 {[%emt 0:00:05]} Kc4 {[%emt 0:00:38]} 43. Ke4 {[%emt 0:00:12]} Kb3 {[%emt 0:00:03]} 44. Kf5 {[%emt 0:00:03]} c4 {[%emt 0:00:02]} 45. Ke6 {[%emt 0:00:01]} c3 {[%emt 0:00:03]} 46. Kf7 {[%emt 0:00:01]} c2 {[%emt 0:00:02]} 47. Kxg7 {[%emt 0:00:02]} c1=Q {[%emt 0:00:04]} 48. g5 {[%emt 0:00:39]} fxg5 {[%emt 0:00:11]} 49. f5 {[%emt 0:00:02]} Qc7+ {[%emt 0:00:12]} 50. Kh6 {[%emt 0:00:03]} Qf7 {[%emt 0:00:20]} 0-1

[Event "African Games-chT 2019"]
[Site "Casablanca"]
[Date "2019.08.25"]
[Round "6.4"]
[White "Wafa, Shahenda"]
[Black "Wakuruwarewa, Colletta"]
[Result "1-0"]
[WhiteElo "2139"]
[BlackElo "1587"]
[Annotator "NA"]
[PlyCount "79"]
[EventDate "2019.08.24"]
[EventType "team-tourn"]
[EventCountry "MAR"]
[SourceTitle "playchess.com"]
[Source "ChessBase"]
[SourceQuality "1"]
[WhiteTeam "Egypt"]
[BlackTeam "Zimbabwe"]
[WhiteTeamCountry "EGY"]
[BlackTeamCountry "ZIM"]
[TimeControl "900+10"]

1. e4 {[%emt 0:00:00]} e6 {[%emt 0:00:00]} 2. d4 {[%emt 0:00:00]} d5 {[%emt 0:00:00]} 3. Nc3 {[%emt 0:00:00]} Nf6 {[%emt 0:00:00]} 4. e5 {[%emt 0:00:02]} Nfd7 {[%emt 0:00:00]} 5. f4 {[%emt 0:00:02]} c5 {[%emt 0:00:02]} 6. Nf3 {[%emt 0:00:03]} Nc6 {[%emt 0:00:02]} 7. Be3 {[%emt 0:00:02]} Be7 {[%emt 0:00:08]} 8. Qd2 {[%emt 0:00:04]} a6 {[%emt 0:00:26]} 9. dxc5 {[%emt 0:01:23]} Nxc5 {[%emt 0:00:22]} 10. O-O-O {[%emt 0:00:14]} b5 {[%emt 0:00:43]} 11. Qf2 {[%emt 0:01:10]} b4 {[%emt 0:00:54]} 12. Nxd5 {[%emt 0:01:47]} Nb3+ {[%emt 0:01:25]} 13. axb3 {[%emt 0:02:58]} exd5 {[%emt 0:00:02]} 14. Bb6 {[%emt 0:00:13]} Qd7 {[%emt 0:00:24]} 15. Bc4 {[%emt 0:00:29]} Qf5 {[%emt 0:00:31]} 16. Bxd5 {[%emt 0:01:12]} Bd7 {[%emt 0:00:19]} 17. Nd4 {[%emt 0:01:40]} Nxd4 {[%emt 0:03:19]} 18. Qxd4 {[%emt 0:00:43]} Rc8 {[%emt 0:01:26]} 19. Bc4 {[%emt 0:00:15]} Be6 {[%emt 0:00:34]} 20. Bd3 {[%emt 0:00:18]} Qg4 {[%emt 0:00:31]} 21. Rhg1 {[%emt 0:02:22]} O-O {[%emt 0:00:52]} 22. Kb1 {[%emt 0:00:49]} Rc6 {[%emt 0:01:10]} 23. h3 {[%emt 0:00:17]} Qg3 {[%emt 0:00:51]} 24. Qe4 {[%emt 0:00:10]} g6 {[%emt 0:01:20]} 25. Qxc6 {[%emt 0:00:06]} Qxf4 {[%emt 0:00:26]} 26. Qe4 {[%emt 0:00:12]} Qg3 {[%emt 0:00:16]} 27. Qe3 {[%emt 0:00:08]} Qg5 {[%emt 0:00:45]} 28. Qxg5 {[%emt 0:00:03]} Bxg5 {[%emt 0:00:01]} 29. Bxa6 {[%emt 0:00:08]} Rb8 {[%emt 0:00:46]} 30. Bc5 {[%emt 0:00:07]} Bf5 {[%emt 0:00:29]} 31. Bd3 {[%emt 0:00:11]} Be6 {[%emt 0:00:05]} 32. Bc4 {[%emt 0:00:02]} Bxc4 {[%emt 0:00:24]} 33. bxc4 {[%emt 0:00:01]} b3 {[%emt 0:00:20]} 34. cxb3 {[%emt 0:00:03]} Rxb3 {[%emt 0:00:05]} 35. Bd6 {[%emt 0:00:16]} Be3 {[%emt 0:00:51]} 36. Rge1 {[%emt 0:00:04]} Bf2 {[%emt 0:00:31]} 37. Re2 {[%emt 0:00:03]} Bh4 {[%emt 0:00:12]} 38. c5 {[%emt 0:00:07]} f6 {[%emt 0:00:24]} 39. c6 {[%emt 0:00:07]} fxe5 {[%emt 0:00:21]} 40. c7 {[%emt 0:00:02]} 1-0

[Event "African Games-chT 2019"]
[Site "Casablanca"]
[Date "2019.08.25"]
[Round "6.5"]
[White "Bellahcene, Bilel"]
[Black "Aderito, Pedro"]
[Result "1-0"]
[WhiteElo "2550"]
[BlackElo "2301"]
[Annotator "ChessBase"]
[PlyCount "41"]
[EventDate "2019.08.24"]
[EventType "team-tourn"]
[EventCountry "MAR"]
[SourceTitle "playchess.com"]
[Source "ChessBase"]
[SourceQuality "1"]
[WhiteTeam "Algeria"]
[BlackTeam "Angola"]
[WhiteTeamCountry "ALG"]
[BlackTeamCountry "ANG"]
[TimeControl "900+10"]

1. e4 {[%emt 0:00:00]} c6 {[%emt 0:00:00]} 2. d4 {[%emt 0:00:00]} d5 {[%emt 0:00:00]} 3. e5 {[%emt 0:00:01]} Bf5 {[%emt 0:00:01]} 4. h4 {[%emt 0:00:02]} h5 {[%emt 0:00:03]} 5. Bd3 {[%emt 0:00:01]} Bxd3 {[%emt 0:00:03]} 6. Qxd3 {[%emt 0:00:00]} e6 {[%emt 0:00:04]} 7. Bg5 {[%emt 0:00:03]} Qb6 {[%emt 0:00:02]} 8. Nd2 {[%emt 0:00:10]} Ne7 {[%emt 0:00:38]} 9. Ne2 {[%emt 0:00:09]} Nf5 {[%emt 0:00:05]} 10. O-O {[%emt 0:00:05]} Qa6 {[%emt 0:00:41]} 11. c4 {[%emt 0:00:01]} Nd7 {[%emt 0:00:04]} 12. b3 {[%emt 0:00:07]} Rc8 {[%emt 0:00:07]} 13. Ng3 {[%emt 0:00:07]} g6 {[%emt 0:00:39]} 14. Nxf5 {[%emt 0:00:10]} gxf5 {[%emt 0:00:02]} 15. a4 {[%emt 0:00:37]} c5 {[%emt 0:00:29]} 16. Rac1 {[%emt 0:00:01]} Rc6 {[%emt 0:01:29]} 17. Rfd1 {[%emt 0:00:07]} cxd4 {[%emt 0:00:11]} 18. Qxd4 {[%emt 0:00:04]} Bc5 {[%emt 0:00:05]} 19. Qf4 {[%emt 0:00:02]} Nb6 {[%emt 0:00:25]} 20. Nf3 {[%emt 0:00:21]} dxc4 {[%emt 0:00:18]} 21. Rd8# {[%emt 0:00:07]} 1-0

[Event "African Games-chT 2019"]
[Site "Casablanca"]
[Date "2019.08.25"]
[Round "6.6"]
[White "Silva, David"]
[Black "Arab, Adlane"]
[Result "1/2-1/2"]
[WhiteElo "2239"]
[BlackElo "2485"]
[Annotator "ChessBase"]
[PlyCount "113"]
[EventDate "2019.08.24"]
[EventType "team-tourn"]
[EventCountry "MAR"]
[SourceTitle "playchess.com"]
[Source "ChessBase"]
[SourceQuality "1"]
[WhiteTeam "Angola"]
[BlackTeam "Algeria"]
[WhiteTeamCountry "ANG"]
[BlackTeamCountry "ALG"]
[TimeControl "900+10"]

1. e4 {[%emt 0:00:00]} c5 {[%emt 0:00:00]} 2. Nf3 {[%emt 0:01:04]} d6 {[%emt 0:00:00]} 3. d4 {[%emt 0:00:08]} cxd4 {[%emt 0:00:00]} 4. Nxd4 {[%emt 0:00:02]} Nf6 {[%emt 0:00:00]} 5. Nc3 {[%emt 0:00:02]} Nc6 {[%emt 0:00:02]} 6. Bg5 {[%emt 0:00:02]} Bd7 {[%emt 0:00:13]} 7. Qd2 {[%emt 0:00:03]} Rc8 {[%emt 0:00:03]} 8. O-O-O {[%emt 0:00:03]} Nxd4 {[%emt 0:00:04]} 9. Qxd4 {[%emt 0:00:06]} Qa5 {[%emt 0:00:02]} 10. Bd2 {[%emt 0:04:28]} e6 {[%emt 0:01:22]} 11. Kb1 {[%emt 0:00:19]} Qc5 {[%emt 0:00:58]} 12. Qxc5 {[%emt 0:00:09]} dxc5 {[%emt 0:00:04]} 13. f3 {[%emt 0:00:04]} a6 {[%emt 0:00:10]} 14. g4 {[%emt 0:00:10]} Bc6 {[%emt 0:00:05]} 15. Bf4 {[%emt 0:00:04]} Be7 {[%emt 0:00:08]} 16. h4 {[%emt 0:00:02]} O-O {[%emt 0:00:30]} 17. Be2 {[%emt 0:00:08]} Rfd8 {[%emt 0:00:05]} 18. Rxd8+ {[%emt 0:00:37]} Rxd8 {[%emt 0:00:01]} 19. Rd1 {[%emt 0:00:04]} Rxd1+ {[%emt 0:00:02]} 20. Nxd1 {[%emt 0:00:01]} Nd7 {[%emt 0:00:20]} 21. Bg3 {[%emt 0:00:07]} Kf8 {[%emt 0:00:18]} 22. Ne3 {[%emt 0:00:14]} b5 {[%emt 0:00:12]} 23. c4 {[%emt 0:00:16]} b4 {[%emt 0:00:22]} 24. h5 {[%emt 0:00:46]} h6 {[%emt 0:00:05]} 25. Bc7 {[%emt 0:00:17]} Ke8 {[%emt 0:00:05]} 26. Kc2 {[%emt 0:00:43]} Bd8 {[%emt 0:00:05]} 27. Bd6 {[%emt 0:00:11]} Be7 {[%emt 0:00:20]} 28. Bg3 {[%emt 0:01:08]} Kd8 {[%emt 0:00:09]} 29. Ng2 {[%emt 0:00:11]} Bf6 {[%emt 0:00:31]} 30. Ne1 {[%emt 0:00:02]} Bd4 {[%emt 0:00:04]} 31. Nd3 {[%emt 0:00:05]} e5 {[%emt 0:00:27]} 32. Bf1 {[%emt 0:00:20]} a5 {[%emt 0:00:07]} 33. Bh3 {[%emt 0:00:10]} f6 {[%emt 0:00:04]} 34. Bf1 {[%emt 0:00:25]} Nf8 {[%emt 0:00:03]} 35. Nc1 {[%emt 0:00:27]} Ne6 {[%emt 0:00:07]} 36. Ne2 {[%emt 0:00:04]} Ba4+ {[%emt 0:00:46]} 37. b3 {[%emt 0:00:11]} Be8 {[%emt 0:00:02]} 38. Bg2 {[%emt 0:00:12]} Ke7 {[%emt 0:00:13]} 39. Kd3 {[%emt 0:02:03]} a4 {[%emt 0:00:11]} 40. f4 {[%emt 0:00:51]} axb3 {[%emt 0:00:08]} 41. axb3 {[%emt 0:00:02]} exf4 {[%emt 0:00:18]} 42. Nxf4 {[%emt 0:00:03]} Nxf4+ {[%emt 0:00:02]} 43. Bxf4 {[%emt 0:00:02]} Bd7 {[%emt 0:00:53]} 44. Bf3 {[%emt 0:00:06]} Ke6 {[%emt 0:00:06]} 45. Bc7 {[%emt 0:00:18]} Be5 {[%emt 0:00:15]} 46. Bd8 {[%emt 0:00:43]} Bd6 {[%emt 0:00:07]} 47. g5 {[%emt 0:00:02]} f5 {[%emt 0:00:50]} 48. Ke3 {[%emt 0:02:25]} hxg5 {[%emt 0:03:05]} 49. Bxg5 {[%emt 0:00:07]} Be5 {[%emt 0:00:06]} 50. h6 {[%emt 0:02:30]} gxh6 {[%emt 0:00:02]} 51. Bxh6 {[%emt 0:00:02]} Bd4+ {[%emt 0:00:30]} 52. Kd3 {[%emt 0:00:03]} Be8 {[%emt 0:00:29]} 53. Bd2 {[%emt 0:00:18]} Be5 {[%emt 0:00:32]} 54. Bg2 {[%emt 0:00:04]} Bh5 {[%emt 0:00:07]} 55. exf5+ {[%emt 0:00:03]} Kxf5 {[%emt 0:00:03]} 56. Be4+ {[%emt 0:00:02]} Ke6 {[%emt 0:00:14]} 57. Kc2 {[%emt 0:00:01]} 1/2-1/2

[Event "African Games-chT 2019"]
[Site "Casablanca"]
[Date "2019.08.25"]
[Round "6.7"]
[White "Nassr, Lina"]
[Black "Caxita, Esperanca"]
[Result "1/2-1/2"]
[WhiteElo "1938"]
[BlackElo "1803"]
[Annotator "NA"]
[PlyCount "106"]
[EventDate "2019.08.24"]
[EventType "team-tourn"]
[EventCountry "MAR"]
[SourceTitle "playchess.com"]
[Source "ChessBase"]
[SourceQuality "1"]
[WhiteTeam "Algeria"]
[BlackTeam "Angola"]
[WhiteTeamCountry "ALG"]
[BlackTeamCountry "ANG"]
[TimeControl "900+10"]

1. d4 {[%emt 0:00:00]} Nf6 {[%emt 0:00:00]} 2. Nf3 {[%emt 0:00:00]} e6 {[%emt 0:00:00]} 3. e3 {[%emt 0:00:00]} c5 {[%emt 0:00:01]} 4. Bd3 {[%emt 0:00:19]} Nc6 {[%emt 0:00:09]} 5. O-O {[%emt 0:00:30]} d5 {[%emt 0:00:12]} 6. b3 {[%emt 0:00:07]} cxd4 {[%emt 0:00:27]} 7. exd4 {[%emt 0:00:03]} Bd6 {[%emt 0:00:10]} 8. Bb2 {[%emt 0:00:13]} O-O {[%emt 0:00:06]} 9. a3 {[%emt 0:00:04]} Ne7 {[%emt 0:01:35]} 10. Nbd2 {[%emt 0:01:25]} Bd7 {[%emt 0:00:44]} 11. Ne5 {[%emt 0:00:31]} Ng6 {[%emt 0:00:44]} 12. f4 {[%emt 0:01:13]} a6 {[%emt 0:01:23]} 13. Qe2 {[%emt 0:01:17]} Rc8 {[%emt 0:00:56]} 14. g3 {[%emt 0:01:02]} Qb6 {[%emt 0:00:22]} 15. Ndf3 {[%emt 0:02:24]} Bb5 {[%emt 0:01:00]} 16. c4 {[%emt 0:00:59]} dxc4 {[%emt 0:03:52]} 17. bxc4 {[%emt 0:00:09]} Bc6 {[%emt 0:02:17]} 18. c5 {[%emt 0:01:13]} Bxc5 {[%emt 0:00:02]} 19. dxc5 {[%emt 0:00:02]} Qxc5+ {[%emt 0:00:01]} 20. Bd4 {[%emt 0:00:23]} Bxf3 {[%emt 0:01:01]} 21. Nxf3 {[%emt 0:00:08]} Qd6 {[%emt 0:00:01]} 22. Rfd1 {[%emt 0:01:29]} Qe7 {[%emt 0:00:32]} 23. Qb2 {[%emt 0:01:18]} Rfd8 {[%emt 0:00:35]} 24. a4 {[%emt 0:00:33]} Rd7 {[%emt 0:01:20]} 25. Rac1 {[%emt 0:01:48]} Rdd8 {[%emt 0:00:13]} 26. Bb1 {[%emt 0:00:48]} Nd5 {[%emt 0:00:41]} 27. Be4 {[%emt 0:00:46]} f6 {[%emt 0:00:24]} 28. Bxd5 {[%emt 0:00:19]} exd5 {[%emt 0:00:05]} 29. Bb6 {[%emt 0:00:11]} Rxc1 {[%emt 0:00:15]} 30. Rxc1 {[%emt 0:00:14]} Rd7 {[%emt 0:00:01]} 31. Qd4 {[%emt 0:00:24]} Kf7 {[%emt 0:00:12]} 32. Re1 {[%emt 0:00:07]} Qd6 {[%emt 0:00:11]} 33. Bc5 {[%emt 0:00:03]} Qc6 {[%emt 0:00:01]} 34. Qe3 {[%emt 0:00:06]} Rc7 {[%emt 0:00:17]} 35. f5 {[%emt 0:00:24]} Qxc5 {[%emt 0:00:35]} 36. fxg6+ {[%emt 0:00:14]} hxg6 {[%emt 0:00:02]} 37. Nd4 {[%emt 0:00:08]} Re7 {[%emt 0:00:11]} 38. Qxe7+ {[%emt 0:00:03]} Qxe7 {[%emt 0:00:01]} 39. Rxe7+ {[%emt 0:00:01]} Kxe7 {[%emt 0:00:00]} 40. Kf2 {[%emt 0:00:01]} Kd6 {[%emt 0:00:02]} 41. Nb3 {[%emt 0:00:27]} g5 {[%emt 0:00:09]} 42. Ke3 {[%emt 0:00:11]} f5 {[%emt 0:00:04]} 43. Kd4 {[%emt 0:00:08]} b6 {[%emt 0:00:06]} 44. Nd2 {[%emt 0:00:18]} f4 {[%emt 0:00:18]} 45. gxf4 {[%emt 0:00:05]} gxf4 {[%emt 0:00:01]} 46. h4 {[%emt 0:00:13]} b5 {[%emt 0:00:38]} 47. a5 {[%emt 0:00:15]} b4 {[%emt 0:00:11]} 48. Nf3 {[%emt 0:00:11]} Kc6 {[%emt 0:00:08]} 49. Nd2 {[%emt 0:00:09]} g6 {[%emt 0:00:08]} 50. Nb3 {[%emt 0:00:07]} Kd6 {[%emt 0:00:28]} 51. Nd2 {[%emt 0:00:12]} Kc6 {[%emt 0:00:02]} 52. Nb3 {[%emt 0:00:05]} Kd6 {[%emt 0:00:01]} 53. Nd2 {[%emt 0:00:10]} Kc6 {[%emt 0:00:00]} 1/2-1/2

[Event "African Games-chT 2019"]
[Site "Casablanca"]
[Date "2019.08.25"]
[Round "6.8"]
[White "Pires, Luzia"]
[Black "Latreche, Sabrina"]
[Result "1/2-1/2"]
[WhiteElo "1924"]
[BlackElo "2064"]
[Annotator "NA"]
[PlyCount "158"]
[EventDate "2019.08.24"]
[EventType "team-tourn"]
[EventCountry "MAR"]
[SourceTitle "playchess.com"]
[Source "ChessBase"]
[SourceQuality "1"]
[WhiteTeam "Angola"]
[BlackTeam "Algeria"]
[WhiteTeamCountry "ANG"]
[BlackTeamCountry "ALG"]
[TimeControl "900+10"]

1. e4 {[%emt 0:00:00]} e5 {[%emt 0:00:00]} 2. g3 {[%emt 0:00:02]} Nf6 {[%emt 0:00:00]} 3. d3 {[%emt 0:00:02]} Bc5 {[%emt 0:00:15]} 4. Bg2 {[%emt 0:00:09]} d6 {[%emt 0:00:05]} 5. Nf3 {[%emt 0:00:09]} Nc6 {[%emt 0:00:14]} 6. h3 {[%emt 0:00:22]} h6 {[%emt 0:00:08]} 7. O-O {[%emt 0:00:03]} O-O {[%emt 0:00:07]} 8. Kh2 {[%emt 0:00:04]} Ne7 {[%emt 0:00:59]} 9. Nc3 {[%emt 0:00:24]} Ng6 {[%emt 0:00:07]} 10. Ne2 {[%emt 0:00:53]} c6 {[%emt 0:01:24]} 11. Nd2 {[%emt 0:00:53]} Nh7 {[%emt 0:02:33]} 12. Nb3 {[%emt 0:00:19]} Bb6 {[%emt 0:00:08]} 13. f4 {[%emt 0:00:02]} exf4 {[%emt 0:00:15]} 14. Nxf4 {[%emt 0:00:02]} Nxf4 {[%emt 0:01:04]} 15. Bxf4 {[%emt 0:00:03]} Be6 {[%emt 0:00:02]} 16. Nd2 {[%emt 0:00:18]} d5 {[%emt 0:00:19]} 17. exd5 {[%emt 0:01:29]} Bxd5 {[%emt 0:00:01]} 18. Ne4 {[%emt 0:00:44]} f5 {[%emt 0:00:43]} 19. Nc3 {[%emt 0:00:22]} Bxg2 {[%emt 0:00:12]} 20. Kxg2 {[%emt 0:00:01]} Nf6 {[%emt 0:00:34]} 21. Qf3 {[%emt 0:00:28]} Nd5 {[%emt 0:01:02]} 22. Nxd5 {[%emt 0:01:20]} Qxd5 {[%emt 0:00:02]} 23. Qxd5+ {[%emt 0:00:05]} cxd5 {[%emt 0:00:01]} 24. Rae1 {[%emt 0:00:56]} Rfe8 {[%emt 0:00:18]} 25. Be5 {[%emt 0:00:43]} g6 {[%emt 0:00:34]} 26. d4 {[%emt 0:00:10]} Re6 {[%emt 0:00:21]} 27. c3 {[%emt 0:00:21]} Rae8 {[%emt 0:00:01]} 28. Rd1 {[%emt 0:01:11]} Bd8 {[%emt 0:00:30]} 29. Rd2 {[%emt 0:00:18]} Bf6 {[%emt 0:00:21]} 30. Bxf6 {[%emt 0:00:34]} Rxf6 {[%emt 0:00:02]} 31. h4 {[%emt 0:00:44]} h5 {[%emt 0:00:15]} 32. Kf3 {[%emt 0:00:24]} Rfe6 {[%emt 0:00:20]} 33. Rff2 {[%emt 0:00:28]} Re3+ {[%emt 0:00:02]} 34. Kg2 {[%emt 0:00:01]} R8e4 {[%emt 0:00:03]} 35. Rf3 {[%emt 0:00:29]} Kf7 {[%emt 0:01:24]} 36. Rxe3 {[%emt 0:00:23]} Rxe3 {[%emt 0:00:01]} 37. Kf2 {[%emt 0:00:04]} f4 {[%emt 0:00:33]} 38. gxf4 {[%emt 0:00:55]} Rh3 {[%emt 0:00:01]} 39. Re2 {[%emt 0:00:05]} Rxh4 {[%emt 0:00:20]} 40. Kg3 {[%emt 0:00:03]} Rg4+ {[%emt 0:00:12]} 41. Kf3 {[%emt 0:00:00]} g5 {[%emt 0:00:53]} 42. fxg5 {[%emt 0:00:30]} Rxg5 {[%emt 0:00:01]} 43. Kf4 {[%emt 0:00:09]} Rg4+ {[%emt 0:00:31]} 44. Kf5 {[%emt 0:00:04]} Rg1 {[%emt 0:00:02]} 45. Rh2 {[%emt 0:00:12]} Rb1 {[%emt 0:00:53]} 46. Kg5 {[%emt 0:00:09]} Ke6 {[%emt 0:00:12]} 47. Kxh5 {[%emt 0:00:04]} a5 {[%emt 0:00:21]} 48. Kg5 {[%emt 0:00:05]} Rg1+ {[%emt 0:00:37]} 49. Kf4 {[%emt 0:00:05]} Rf1+ {[%emt 0:00:02]} 50. Ke3 {[%emt 0:00:08]} Rf6 {[%emt 0:00:13]} 51. Rh7 {[%emt 0:00:11]} b6 {[%emt 0:00:02]} 52. Rb7 {[%emt 0:00:22]} Kf5 {[%emt 0:00:02]} 53. Re7 {[%emt 0:00:10]} Rd6 {[%emt 0:00:28]} 54. Re5+ {[%emt 0:00:10]} Kf6 {[%emt 0:00:01]} 55. Kd3 {[%emt 0:00:01]} b5 {[%emt 0:00:54]} 56. b3 {[%emt 0:00:24]} a4 {[%emt 0:00:19]} 57. c4 {[%emt 0:00:27]} axb3 {[%emt 0:01:01]} 58. axb3 {[%emt 0:00:16]} dxc4+ {[%emt 0:00:03]} 59. bxc4 {[%emt 0:00:05]} bxc4+ {[%emt 0:00:00]} 60. Kxc4 {[%emt 0:00:04]} Ra6 {[%emt 0:00:07]} 61. Rb5 {[%emt 0:00:20]} Ke6 {[%emt 0:00:43]} 62. Kc5 {[%emt 0:00:22]} Rd6 {[%emt 0:00:00]} 63. Rb1 {[%emt 0:00:32]} Rd5+ {[%emt 0:00:08]} 64. Kc4 {[%emt 0:00:02]} Rd6 {[%emt 0:00:01]} 65. Re1+ {[%emt 0:00:02]} Kd7 {[%emt 0:00:01]} 66. d5 {[%emt 0:00:08]} Ra6 {[%emt 0:00:09]} 67. Rh1 {[%emt 0:00:10]} Ra4+ {[%emt 0:00:17]} 68. Kc5 {[%emt 0:00:02]} Ra5+ {[%emt 0:00:02]} 69. Kd4 {[%emt 0:00:01]} Ra2 {[%emt 0:00:30]} 70. Rh7+ {[%emt 0:00:36]} Kd6 {[%emt 0:00:01]} 71. Rh6+ {[%emt 0:00:01]} Kd7 {[%emt 0:00:02]} 72. Rh3 {[%emt 0:01:03]} Kd6 {[%emt 0:00:18]} 73. Rd3 {[%emt 0:00:07]} Ra5 {[%emt 0:00:13]} 74. Ke4 {[%emt 0:00:02]} Ra4+ {[%emt 0:00:25]} 75. Rd4 {[%emt 0:00:01]} Ra5 {[%emt 0:00:11]} 76. Rd3 {[%emt 0:00:38]} Ra4+ {[%emt 0:00:01]} 77. Kf5 {[%emt 0:00:06]} Ra5 {[%emt 0:00:07]} 78. Ke4 {[%emt 0:00:24]} Ra4+ {[%emt 0:00:01]} 79. Rd4 {[%emt 0:00:01]} Ra5 {[%emt 0:00:02]} 1/2-1/2